00503nam a2200157 i 4500001000700000003000900007005001700016007000300033008004100036110002900077245011600106260004800222300003400270650002000304852002100324110471ES-MaACL20230906185047.0t|061121s1930 xxua |||| | eng d2 aFaraday society (London)10aOptical rotatory power b: a general discussion held by the Faraday Society, April 1930... / cFaraday Society. a[Aberdeen : bThe University Press, c1930] aP. 265-461 : bil. ; c25 cm. 4aEfecto Faraday. aES-MaACLjA-1335